| 000 | 00525nam a2200205 4500 | ||
|---|---|---|---|
| 001 | 11470 | ||
| 010 | _a972211493X | ||
| 090 | _a11470 | ||
| 100 | _a20031030d2003 m y0frey50 ba | ||
| 101 | _apor | ||
| 102 | _aPT | ||
| 200 |
_aUm rio chamado tempo, uma casa chamada terra _eromance _fMia Couto |
||
| 205 | _a3.ยช ed. | ||
| 210 |
_aLisboa _cEditorial Caminho, _dimp. 2004 |
||
| 215 |
_a262 p. _d21 cm |
||
| 225 |
_aOutras margens _v1 |
||
| 675 |
_a821.134.3679-3 _vBN _zpor |
||
| 700 |
_aCouto, _bMia, |
||
| 801 |
_aPT _gRPC |
||
| 990 | _cLIVROS | ||